000 00429nam a2200133Ia 4500
008 220204s9999 xx 000 0 und d
082 _a591.3
_bADV.52-5
100 _aPHILIPS, Ian Richard
245 4 _aThe embryology of the common marmo set(callithnx jacchus)
260 _aBerlin
_bSpringer Verlag
_c1976
490 _aAdvances in anatomy embryology and cell biology; v 52, fac 5
650 _aMarmoset embryology
942 _cBK
999 _c27150
_d27150